Protirečivé názory islamského sveta V Teheráne sa začal trojdňový summit OIC

Bibliographic Details
Format: Article
Language:Slovak
Subjects:

MARC

LEADER 00000nab a2200000 a 4500
001 vtls000641687
003 SK-MaSNL
005 20260302200902.0
008 160401c1997 xo 0 slo
015 |a SNBRB19rr/mm-uuuuu 
035 |a CL0641826 
040 |a SNKBUCL  |b slo  |c SNKBUCL  |e AACR2 
041 0 |a slo 
044 |a xo  |c SK 
080 |a 061.1(100):297:061.3  |2 1981 
245 0 0 |a Protirečivé názory islamského sveta  |b V Teheráne sa začal trojdňový summit OIC 
650 0 7 |a Organizácia islamskej konferencie  |2 snkbucl  |9 920392 
655 7 |a články z novín a časopisov  |2 snkbucl  |9 267496 
773 0 |t Slovenská republika  |g Roč. 5, č. 284 (10. 12. 1997), s. 7 
850 |a Slovenská národná knižnica v Martine  |a MTA001 
852 |a SNK  |b KIS3GCP 
958 |a NX 
958 |a RK 
958 |a RBX 
999 |c 1458708  |d 1460638